01005nam a2200277Ia 4500008004100000020001800041100001700059245003900076245003100115260001500146260002000161260000900181300002700190300002700217300001100244440002700255440001100282500021500293650002600508650003000534650002000564650002500584700000800609999001900617952009100636160803s9999 xx 000 0 und d a9780590484145 aCole, Joanna 4aThe magic school bus gets eaten :  ba book about food chains / aNew York : bScholastic Inc. c1996 a28 unnumbered pages :  bcolor illustrations ;  c21 cm. aThe Magic school bus ; vbk. 3. a"Based on the episode from the animated TV series, produced by Scholastic Entertainment Inc. ; based on The magic school bus book series written by Joanna Cole and illustrated by Bruce Degen"--Title page verso. aFood chains (Ecology) aFood chains (Ecology) --  aMarine ecology. xJuvenile literature. a500 c298964d298964 001040aSSISBbSSISBcLEXd2016-08-03l0pSC-890r2016-08-03 00:00:00w2016-08-03yBK